Sports Quiz

Random Sports Quiz

MLB 3000/300 Club Quiz Stats

 Plays Quiz not verified by Sporcle

Support Sporcle.
Go Orange.
Score 0/10 Timer 04:00
0 Plays Today
Home Runs Player % Correct
755Hank Aaron
99.6%
660Willie Mays
94.5%
504Eddie Murray
77.6%
475Stan Musial
76.9%
569Rafael Palmeiro
73.8%
431Cal Ripken Jr
65.4%
399Al Kaline
56%
465Dave Winfield
54.5%
452Carl Yastrzemski
52.6%
317George Brett
52.6%

You're not logged in!

Compare scores with friends on all Sporcle quizzes.
OR
Log In

From the Vault

'New' Places

by lukebradford

What are you, new?
Remove Ads.
Support Sporcle.
Get the best of Sporcle when you Go Orange. This ad-free experience offers more features, more stats, and more fun while also helping to support Sporcle. Thank you for becoming a member.

Show Comments

Extras

Created May 24, 2010ReportNominate
Tags:300, 3000, club, hit, home, Player, run

Top Quizzes Today


Score Distribution

Your Account Isn't Verified!

In order to create a playlist on Sporcle, you need to verify the email address you used during registration. Go to your Sporcle Settings to finish the process.

Report this User

Report this user for behavior that violates our Community Guidelines.

Details: